000 00452nam a2200157Ia 4500
008 240729s9999 xx 000 0 und d
022 _a2560-5542
245 0 _aMathematica Moravica
260 _aSerbia
260 _bUniversity of Kragujevac, Faculty of Technical Sciences Čačak, Serbia
650 _a Mathematics
650 _aScience
856 _uhttps://doaj.org/toc/e4ae596b62834a96a8a8b8e4861d18ac
942 _2ddc
942 _cDOAJEJ
999 _c68261
_d68261
945 _a1
_bMadushi Gamage
_c1
_dMadushi Gamage